Glow of the setting sun / (Record no. 5077)

MARC details
000 -LEADER
fixed length control field 00506 a2200169 4500
010 ## - LCCN (DPL NO)
LC control number ENG-86722
020 ## - INTERNATIONAL STANDARD BOOK NUMBER
Terms of availability 250.00
035 ## - SYSTEM CONTROL NUMBER
System control number EN-70255
037 ## - SOURCE OF ACQUISITION
Source of stock number/acquisition DBAD / PUB
082 14 - DEWEY DECIMAL CLASSIFICATION NUMBER
Classification number S
100 ## - MAIN ENTRY--PERSONAL NAME
Personal name Mehndiratta, Virendra
245 1# - TITLE STATEMENT
Title Glow of the setting sun /
Statement of responsibility, etc by Virendra Mehndiratta; translated by Madan Mohan Mathur
260 ## - PUBLICATION, DISTRIBUTION, ETC. (IMPRINT)
Place of publication, distribution, etc Chandigarh
Name of publisher, distributor, etc Unistar Books
Date of publication, distribution, etc 2005
270 ## - ADDRESS
Address S.C.O. 26-27, Sector 34 A, Chandigarh
City Chandigarh
Postal code 160 022
300 ## - PHYSICAL DESCRIPTION
Extent 136p
Dimensions 21cm (Hb)
942 ## - ADDED ENTRY ELEMENTS (KOHA)
Institution code [OBSOLETE] dpl
Item type English Books
Source of classification or shelving scheme Dewey Decimal Classification
Classification part S
Call number suffix MEH
Holdings
Withdrawn status Lost status Not for loan Collection code Home library Current library Source of acquisition Cost, normal purchase price Full call number Barcode Copy number Cost, replacement price Koha item type
    Not For Loan Fiction D.B.Act.Division D.B.Act.Division DBAD/PUB 250.00 S MEH EN-70255 1 250.00 English Books

© Delhi Public Library
Hit Counter
free hit counter